[Event "ARG-ch Najdorf Memorial"]
[Site "Buenos Aires"]
[Date "1999.11.19"]
[Round "1"]
[White "Giaccio, Alfredo Gustavo"]
[Black "Spangenberg, Hugo"]
[Result "0-1"]
[WhiteElo "2505"]
[BlackElo "2531"]
[Annotator "Ribli,Z"]
[PlyCount "84"]
[EventDate "1999.11.19"]
[EventType "tourn"]
[EventRounds "13"]
[EventCountry "ARG"]
[EventCategory "9"]
[SourceTitle "CBM 074"]
[Source "ChessBase"]
[SourceDate "2000.02.01"]
[SourceVersion "1"]
[SourceVersionDate "2000.02.01"]
[SourceQuality "1"]

{[%mdl 576]} 1. e4 {Meulders} c5 2. Nf3 Nc6 3. d4 cxd4 4. Nxd4 e6 5. Nc3 Qc7 6.
f4 a6 {Nach meiner persöhnlichen Meinung ist 6...Nxd4 7.Qxd4 a6 die beste
Fortsetzung für Schwarz, da die Dame unglücklich auf d4 steht.} 7. Nxc6 Qxc6 8.
Bd3 b5 9. Qe2 Bb7 10. Bd2 {Weiss hat eine potentielle Angriffstellung und
bereitet die lange Rochade vor.} (10. O-O Nf6 11. e5 Nd5 12. Nxd5 Qxd5 13. c4
bxc4 14. Bxc4 Bc5+ 15. Kh1 Qe4 16. Qxe4 Bxe4 17. Re1 Bc6 {1/2-1/2 Nun,
J-Hadraba,V/CZE-chT2 1995/EXT 97 (42)}) 10... Nf6 $5 {Die Läuferzüge 10...Bc5
und 10...Be7 sind populärer, aber die Partiefortsetzung ist auch spielbar.} (
10... Bc5 11. O-O-O Ne7 (11... b4 12. Nd5 Qd6 13. Ne3 Qxf4 14. Nc4 Qh4 15. Be3
Be7 16. g3 Qh3 17. Na5 $36 {1-0 Smirin,I-Horvath,C/Vienna 1996/CBM 53 ext (26)}
) 12. Qh5 b4 (12... Rc8 13. Kb1 O-O 14. g4 Qb6 15. Rhf1 $14 {Tolnai,T-Horvath,
C/Magyarorszag (ch) 1989/Inf 48 (15)}) (12... g6 13. Qh4 $1 (13. Qg5 h6 14. Qf6
Rf8 15. Qh4 b4 16. Ne2 h5 17. Kb1 d5 18. Ng3 O-O-O 19. f5 $2 (19. c3 Qb6 $13 {
Suetin,A}) 19... dxe4 20. Bxe4 Nxf5 $1 {Milov,L-Suetin,A/Bern 1995/Inf 63 (28)}
) 13... O-O-O 14. Qf6 Rhf8 15. Rhe1 Qc7 16. Be3 d5 17. Bxc5 Qxc5 18. e5 Kb8 19.
g4 {1-0 Sandor,C-Hoffmann,M/BL9596 1996/GER-chT (38)}) 13. Ne2 (13. Na4 d5 14.
Nxc5 Qxc5 15. Kb1 O-O 16. e5 g6 17. Qg5 a5 18. h4 Ba6 19. h5 $40 {1-0 Van der
Weide,K-Van der Elburg,F/Dieren 1999/CBM 71 ext (33)}) 13... Qb6 14. f5 exf5
15. exf5 Bxg2 16. Rhe1 O-O-O 17. Nf4 Bc6 18. Qxf7 {1-0 Tischbierek,R-Wilhelmi,
C/Germany 1997/GER-chT (96)}) (10... Be7 $5 11. a3 Qc7 12. O-O-O Nf6 13. e5 Nd5
14. Nxd5 Bxd5 15. f5 Qc6 $1 {0-1 Galliamova Ivanchuk,A-Kobalija,M /Russia (ch)
73/222 1998/Inf 73/[Kobalija,M] (45)}) 11. e5 b4 (11... Nd5 {Meulders} 12. Be4
Qc5 13. O-O-O $14) 12. exf6 bxc3 13. Bxc3 gxf6 14. O-O-O (14. Bxf6 $6 Rg8 $13 (
14... Rg8 {[%cal Rb7h1,Rg8g2] Meulders} 15. Rg1 Bc5 {[%cal Rc5g1]} (15... Rxg2
16. Rxg2 Qxg2 17. Qxg2 Bxg2 18. Bxh7 $16 {[%csl Gh2]}) 16. Bxh7 Bxg1 17. Bxg8
Bxh2 $11 {[%csl Rf4,Rg2,Gh2]})) 14... Rg8 $1 {Schwarz verbessert sein früheres
Spiel. Es ist wahr, das Gegenspiel ist wichtiger als die Läuferentwicklung.} (
14... Be7 15. Qh5 $1 $146 {[#]} (15. Rhg1 Qa4 16. Kb1 Qxf4 17. g3 Qh6 18. g4
Rg8 19. Qf2 Rc8 20. Bd2 Qh3 21. Rg3 Qh4 22. Qf1 Qxh2 23. Rg1 Bc5 24. Qxf6 Bxg1
25. Bf4 Qf2 26. Rf1 Qc5 27. Bxh7 Bd4 28. Qh4 Qb5 {0-1 Fiorito,F-Spangenberg,H/
Buenos Aires 1992/EXT 97 (28)}) 15... Qa4 {[%csl Ra2,Rf4][%cal Ra4a2,Ra4f4]}
16. Kb1 Rc8 (16... Bxg2 $6 17. Rhg1 Bd5 18. a3 Qxf4 19. Rgf1 Qd6 (19... Qe3 20.
Bxf6 Bxf6 21. Rxf6 e5 22. Bf5 $18) 20. Bxf6 Bxf6 21. Rxf6 Qe7 22. Rdf1 Rf8 23.
Qxh7 {/\24.Rxf7 Rxf7 25.Bg6+-} e5 24. Bxa6 $16) 17. b3 Qc6 18. Bb2 {Meulders}
Qc5 19. Qh6 $14 Rg8 20. Rhg1 Rxg2 21. Rxg2 Bxg2 22. Qxh7 $16 {[%csl Gh2] 1-0
Arakhamia,K-Taimanov,M/Roquebrune 1998/CBM 67/[Ribli] (44)}) 15. g3 (15. g4 $6
Qa4 $15) 15... Qa4 $13 {[%cal Ra4a2,Rb7h1]} 16. b3 $2 {Meulders: 'Ein
nonchalanter Zug womit Weiss seine Königsstellung ernsthaft schwächt.'} (16.
Bxf6 $5 Qxa2 17. Bxh7 Rxg3 $2 18. hxg3 Bxh1 19. Qh5 (19. Rxh1 Qa1+ 20. Kd2 Qxh1
21. Be4 $18) 19... Bc6 20. Bg8 {[%csl Re8,Rf7]} e5 21. Bxf7+ Qxf7 22. Qxe5+ Be7
(22... Qe6 23. Qh5+ Qf7 24. Re1+ $18) 23. Re1 $18) (16. Rhe1 Qxa2 17. b3 (17.
Bxh7 {Meulders} Rh8 18. Qd3 Qd5 19. Qxd5 Bxd5 20. Rxd5 Rxh7 21. h4 $16) 17...
Rc8 18. Kd2 Rxc3 $1 {In der Partie spielte Schwarz dasselbe Qualitätsopfer.})
16... Qxa2 17. Be4 (17. Rhe1 Rc8 18. Kd2 Rxc3 $1) 17... Rc8 18. Kd2 (18. Bxb7
$2 Rxc3 19. Be4 Bb4 $19) {[#]} 18... Rxc3 $1 $40 {Ein schönes Qualitätsopfer,
wonach Schwarz überlegenes Spiel auf den dunkelfarbigen Feldern hat.} 19. Ra1
$8 (19. Kxc3 Qa5+ 20. Kd3 (20. Kb2 Ba3+ $19 (20... Ba3+ {Meulders} 21. Ka2 Bb4+
22. Kb1 Bc3 $19)) 20... Qb5+ $19 (20... Qb5+ 21. c4 Qxb3+ 22. Kd4 Qa3 23. Bxb7
Bc5+ 24. Ke4 f5+ 25. Ke5 Qc3+ $19)) 19... Qb2 20. Rhb1 Rxc2+ 21. Bxc2 Bb4+ {
[%csl Gb4,Rd2]} 22. Ke3 (22. Kd1 Qc3 23. Kc1 Bc5 $17 {Wir haben dieselbe
Stellung wie nach dem 26. schwarzen Zug.}) 22... Bc5+ 23. Kd2 Bb4+ 24. Ke3 Bc5+
25. Kd2 Qd4+ $1 {25...Bb4+ wäre schon dreimalige Stellungswiederholung!
Natürlich - in besserer Stellung - muss Schwarz auf Gewinn spielen.} 26. Kc1 (
26. Bd3 Bb4+ 27. Kd1 a5 {[%csl Rd1,Rd3][%cal Rb7a6,Ra6e2]}) 26... Qc3 $17 {
Schwarz hat zwei Bauern für die Qualität und sein Läuferpaar - besonders der
dunkelfarbige Läufer - ist sehr stark.} 27. Rb2 {'-+' Meulders.} (27. Qd3 $4 {
Meulders} Be3+ 28. Kd1 Bf3+ $19) 27... Be3+ (27... Bd4 {Meulders} 28. Rba2 Bf3
29. Qf1 Qe3+ 30. Kb1 Be4 $19) 28. Kb1 Bd4 {[%csl Ra1,Rb1,Rb2,Gd4][%cal Rd4a1]}
29. Raa2 (29. Rba2 Bf3 30. Qf1 Be4 {[%csl Rb1][%cal Rc3b3,Rb3b1]} 31. Bxe4
Qxb3+ 32. Kc1 Be3+ 33. Rd2 Qc3+ $19) 29... Ke7 {[%cal Gg8c8,Gc8c2] Der g8R
kommt auch ins Spiel, aber hier gibt es schon viele Lösungen.} (29... Qc6 $5
$17 {[%csl Rb2][%cal Rd4b2,Rc6h1]}) 30. Bd3 (30. Bxh7 {Meulders} f5 $1 31. Bxf5
Bf3 32. Qd2 exf5 $19) 30... Rc8 {Die weissen Türme stehen schrecklich schlecht.
Schwarz hat entscheidenden Angriff.} (30... Bd5 $17) 31. Qd2 Qc5 32. Rc2 Bc3 {
[%csl Gc3] Der schwarze c3B dominiert auf dem Brett.} 33. Qd1 Qb4 {[%csl Rb1,
Rb3]} 34. Rf2 Bd5 {[%csl Rb1,Rb3,Gb4,Gc3,Gd5]} 35. Bc2 f5 $1 {Schwarz bereitet
den Zug Bf6 vor, wonach entweder c3 oder Qc3 droht.} 36. Ra4 (36. Rxa6 Bf6 37.
Ra2 Rc3 38. Ra4 Qb6 39. Rd2 Rxc2 $1 $19) 36... Qc5 37. Qe2 Bf6 {[%csl Rb1]
[%cal Rc5c3,Rc3b2,Rc3b3]} (37... Bd4 $1 $19) 38. Qd2 Bc3 39. Qe2 Bd4 $19 {
[%cal Rc5c3,Rc3b2,Rc3b3,Rc5f2] Droht 40...Qc3 mit sofortigem Mattangriff und
gleichzeitig hängt f2.} 40. Rf1 Qc3 41. Rxd4 (41. Ra2 Bxb3 $19) 41... Qxd4 {
Schwarz hat klare zwei Bauern mehr und Angriffstellung.} 42. Rd1 Qc3 (42... Qc3
{[%csl Rb3]} 43. Rd3 (43. Rxd5 Qxc2+ 44. Qxc2 Rxc2 45. Rxd7+ Kxd7 46. Kxc2 Kc6
$19) 43... Qxc2+ 44. Qxc2 Rxc2 45. Kxc2 (45. Rxd5 Rxh2 $19 (45... exd5 46. Kxc2
Kd6 $19)) 45... Be4 $19) 0-1

[Event "Chigorin Memorial 07th"]
[Site "St Petersburg"]
[Date "1999.11.07"]
[Round "6"]
[White "Motylev, Alexander"]
[Black "Brodsky, Michail"]
[Result "1-0"]
[WhiteElo "2532"]
[BlackElo "2512"]
[Annotator "Ribli,Z"]
[PlyCount "151"]
[EventDate "1999.11.02"]
[EventType "swiss"]
[EventRounds "9"]
[EventCountry "RUS"]
[SourceTitle "CBM 074"]
[Source "ChessBase"]
[SourceDate "2000.02.01"]
[SourceVersion "1"]
[SourceVersionDate "2000.02.01"]
[SourceQuality "1"]

{[%mdl 4608]} 1. e4 c5 2. Nf3 e6 3. Nc3 a6 4. d4 cxd4 5. Nxd4 Qc7 6. Be2 Nc6 7.
O-O Bc5 {Schwarz versucht die gleiche Fortsetzung, die schon erfolgreich war
in der zweiten Runde (Varavin,V-Fominyh,A) deselben Turniers.} 8. Be3 (8. Nb3
$5) 8... Nce7 9. e5 $5 {Weiss opfert einen Bauern für Aktivität.} Qxe5 (9... b6
{Dieser Zug ist logisch - Schwarz bekommt Spiel auf der a8-h1 Diagonale.} 10.
f4 Bb7 11. Bf3 Nh6 12. Kh1 O-O 13. Qd3 Bxf3 14. Rxf3 d5 15. Nce2 Nhf5 16. Rh3
Bxd4 17. Bxd4 Ng6 18. c3 Rfc8 19. g4 Nxd4 20. Nxd4 {1/2-1/2 Zakic,S-Fominyh,A/
Budapest 1990/CBM 20 ext (38)}) (9... d6 10. Ne4 dxe5 11. Nxe6 (11. Nb5 axb5
12. Bxc5 $36) 11... Bxe6 12. Bxc5 $36) 10. Nf3 Qd6 (10... Qc7 11. Bxc5 Qxc5 {
Wir haben die Partiefortsetzung.}) 11. Bxc5 (11. Qxd6 $6 Bxd6 12. Bb6 Bb4 $15)
11... Qxc5 12. Ne4 $44 {[%csl Yd6,Re8][%cal Re4c5,Re4d6,Rd6e8] Nach dem
Läufertausch sind die dunkelfarbigen Punkte in der schwarzen Stellung
geschwächt.} Qc7 13. Nd6+ Kf8 14. c4 b6 {Schwarz muss den Damenflügel
entwickeln.} 15. Qd2 {[%cal Ga1d1,Gf1d1] Dieser Zug ist immer nützlich - im
folgenden kommt entweder Rad1 oder Rfd1 - mit großem positionellen Druck.} f6 (
15... Bb7 16. Rfd1 $44) 16. Rfd1 Ra7 17. a4 $36 {[%cal Ga4a5] Da Schwarz
schwere Entwicklungsprobleme hat, wird Weiss am Damenflügel aktiv.} Bb7 $6 (
17... Nc6 18. b4 $44) 18. a5 bxa5 (18... Nc6 19. b4 bxa5 20. b5 $36) 19. Rxa5 {
[%cal Rd6b5,Rb5c7,Rb5a7] Droht 20.Nb5 mit Qualitätsgewinn.} Nc6 20. Ra4 (20.
Ra3 $36) 20... Nge7 21. b4 {[%csl Rf8,Rh8] Schwarz hat endlich die Entwicklung
der Leichtfiguren beendet, aber der König steht katastrofal schlecht auf f8
und der h8R ist eingeschlossen.} Nc8 {Natuerlich - Schwarz möchte den starken
d6N tauschen.} 22. Nxb7 Qxb7 23. c5 {[%csl Ra6,Ra7,Yb6,Rc8,Yd6,Rf8,Rh8][%cal
Re2a6,Ra4a6,Rd1a1,Ra1a6] Weiss hat mehr als ausreichenden Ersatz für den
Bauern. Schwarz hat keine Verbindung unter den Figuren.} Nb8 24. Nd4 {[%cal
Gf2f4,Ge2f3,Gf3b7] Weiss macht den f-Bauern frei.} Kf7 (24... e5 25. Nf5 $44)
25. f4 {[%csl Rf7]} h5 {Gegen eventuelles Bh5+ gerichtet.} (25... Ne7 {Der c8N
muss das d6-Feld kontrollieren.} 26. b5 $44 axb5 27. Nxb5 {[%cal Ra4a7,Rb5d6,
Rd6b7,Rd6f7]}) 26. f5 {Weiss möchte die Stellung öffnen.} e5 27. Bc4+ {[%csl
Rf7][%cal Rc4f7]} Ke7 28. Nf3 {[%cal Gf3h4,Gh4g6,Gg6e7,Gg6h8]} Ke8 29. Qa2 {
[%cal Ga2g8]} h4 {[%cal Gh4h3]} (29... Ne7 $5) 30. h3 Qe4 $2 (30... Ne7) 31.
Bg8 $16 {[%csl Re8][%cal Ra2f7,Rf7e8]} Kd8 (31... Ne7 32. Qf7+ Kd8 33. Qf8+ Kc7
34. Qxe7 Rxg8 35. Qf7 Rd8 36. Qxg7 Qxf5 37. Nxh4 $16) 32. Qf7 Kc7 (32... Ne7)
33. Qxg7 Qe3+ 34. Kf1 {Da Schwarz im folgenden 34...Qh6 ziehen muss, kommt
Weiss näher ans Zentrum mit dem König.} (34. Kh1 Qh6) 34... Qh6 35. Qxh6 (35.
Qg4 Qh5) 35... Rxh6 36. Bc4 {Nach den Vereinfachungen hat Weiss großen
Positionsvorteil. Schwarz hat immer noch Probleme mit der Figurenkoordination.}
Rb7 $6 (36... Rh5 37. Bd3 d6 $16) 37. Rb1 (37. Bxa6 $5 Nxa6 38. Rxa6 Rxb4 39.
Nxe5 $16 {[%cal Ga6h6]}) 37... Ne7 {[%cal Re7f5] Schwarz steht schlechter,
aber es gibt auch Schwächen in der weißen Stellung.} 38. Bxa6 Nxa6 39. Rxa6
Nxf5 {[%cal Gf5g3,Gg3f1,Gf5e3,Ge3f1]} 40. Kf2 $14 {Die Stellung ist nur
materiell gleich - Weiss hat fühlbaren Druck.} d6 {Endlich möchte Schwarz den
Damenflügel sprengen, aber sein König steht schlecht.} 41. cxd6+ (41. b5 dxc5
42. Rc6+ Kd7 43. Rxc5 $14) 41... Kd7 (41... Nxd6 $2 42. Rc1+ Kd7 43. Rd1 {
[%csl Rd6,Rd7][%cal Rd1d7,Ra6d6]} f5 44. Nxe5+ $18) 42. Rc1 e4 {Das Material
ist reduziert, so Schwarz hat - trotz Bauern weniger - Rettungschancen.} (42...
Nxd6 $2 43. Rd1 $18) 43. Nh2 {[%cal Gh2g4,Gg4h6,Gg4f6]} (43. Rc5 $6 exf3 44.
Rxf5 fxg2 45. Kxg2 Rxb4 $11) 43... Ng3 (43... Rxb4 44. Rc7+ $18) 44. Ng4 Rg6
45. Rc4 {Weiss muss nicht eilen - zuerst verteidigt er den Bauern auf b4.} Kd8
46. Ke3 {[%csl Ge3] Der schwarze e4P ist nur scheinbar stark - Weiss kann ihn
erfolgreich mit dem König blockieren.} Kd7 47. b5 {Stufenweise verbessert
Weiss seine Stellung - der b7R kann nicht die siebente Reihe verlassen.} Nh5 (
47... Rxb5 48. Rc7+ $18) 48. Rc5 {[%cal Gc5b5,Rc5h5]} Ng7 49. Rc7+ $5 {Weiss
gibt einen Bauern zeitweilig zurück, aber nach den Vereinfachungen bekommt er
Gewinnstellung.} (49. Kxe4 $5 f5+ 50. Rxf5 Nxf5 (50... Rxg4+ 51. hxg4 Nxf5 52.
Kxf5 $18) 51. Ne5+ $18 {[%cal Re5d7,Re5g6]}) 49... Rxc7 50. dxc7 Kxc7 51. Kxe4
(51. Rxf6 $5 $18) 51... Ne8 (51... f5+ 52. Kf4 $18 (52. Ke5 $16) 52... Rxa6 53.
bxa6 fxg4 54. Kxg4 Kb6 55. Kxh4 Kxa6 56. Kg5 Kb6 57. h4 Kc6 58. h5 Ne6+ 59. Kf6
$18) 52. Kf4 {[%csl Ga6,Gf4,Rf6,Gg4,Rg6] Weiss hat einen Bauern mehr und viel
besseres Figurenspiel.} Nd6 53. Rc6+ Kd7 54. Rc5 Ke6 55. Rh5 {[%csl Rh4][%cal
Rh5h4]} (55. b6 Rg7 $16) 55... Rg7 56. Rh6 {[%csl Rf6,Rh4][%cal Rh6f6,Rh6h4]}
Ne8 (56... Rf7 57. b6 $18) 57. Rh8 Nc7 58. Rh5 {[%cal Gh5b5]} (58. b6 $2 Nd5+
$14 {[%cal Rd5b6,Rd5f4]}) 58... Nd5+ 59. Kf3 f5 (59... Rb7 60. Ne3 Nxe3 (60...
Nc7 61. Rh7 $18) 61. Kxe3 $16) 60. Rh6+ Ke7 61. Ne5 {[%csl Gb5,Ge5,Gh6]} Rg3+
62. Kf2 Rb3 {Schwarz hat etwas Aktivität, aber mit präzisem Spiel kann Weiss
seinen Vorteil verwerten.} 63. Nc6+ Kf7 64. Nd4 {[%cal Rd4f5,Gd4b5,Rd4b3]} Rb4
(64... Rb2+ 65. Kf3 $16) 65. Rxh4 {Weiss hat schon zwei Bauern mehr, aber er
muss vorsichtig sein - wenn er den b-Bauern verliert, bekommt Schwarz gute
Remisaussichten.} Kg6 66. Ke2 Rb2+ 67. Kf3 Rb4 68. g3 (68. Nxf5 $6 {Diese
Vereinfachung muss auch gewinnen, aber Weiss - natürlich - gibt nicht gern den
b-Bauern auf.} Rb3+ (68... Rxb5 69. Nd4 $18) 69. Ke4 Nf6+ 70. Kf4 Rb4+ 71. Kf3
$18) 68... f4 $6 69. gxf4 $18 {Mit drei Bauern mehr hat Weiss ganz klare
Gewinnstellung.} Ne7 (69... Rxd4 70. f5+ Kxf5 71. Rxd4 $18) 70. f5+ Kg5 (70...
Nxf5 71. Nxf5 $18) 71. Re4 Nd5 (71... Nxf5 72. Nxf5 $18 {[%cal Re4b4]}) 72.
Ne6+ {[%cal Ge4b4] Weiss gibt den f5-Bauern, aber erhält ein leicht gewonnenes
Springerendspiel.} Kxf5 73. Rxb4 Nxb4 74. Nd4+ {[%csl Gb5,Gh3]} Kg5 (74... Kf6
75. Ke4 $18 (75. h4 $18)) 75. Ke4 Kh4 76. Nc6 {[%csl Rb4,Gb5]} 1-0

[Event "Interzonal-16"]
[Site "Biel"]
[Date "1993.??.??"]
[Round "1"]
[White "Ye, Jiangchuan"]
[Black "Polgar, Judit"]
[Result "1/2-1/2"]
[WhiteElo "2535"]
[BlackElo "2630"]
[Annotator "Ribli,Z"]
[PlyCount "99"]
[EventDate "1993.07.16"]
[EventType "swiss"]
[EventRounds "13"]
[EventCountry "SUI"]
[SourceTitle "CBM 037"]
[Source "ChessBase"]
[SourceDate "1993.12.01"]
[SourceVersion "1"]
[SourceVersionDate "1993.12.01"]
[SourceQuality "1"]

1. e4 c5 2. Nf3 e6 3. d4 cxd4 4. Nxd4 a6 5. Nc3 Qc7 6. Be2 Nf6 7. O-O Nc6 8.
Kh1 b5 9. Nxc6 dxc6 10. f4 Bb7 11. e5 Rd8 12. Qe1 Nd5 13. Nxd5 cxd5 $1 (13...
Rxd5 $6) 14. Bd3 g6 15. a4 Bc6 16. Bd2 Qb7 17. b3 $5 {ץc6} Be7 18. Qe2 (18.
Qg3 $5) 18... O-O 19. Ba5 $1 Rc8 (19... Rd7 $5) 20. Bc3 {/\ Bd4} Bc5 21. Be1 $1
d4 22. Bh4 Be7 23. Bf6 Bxf6 24. exf6 $14 Kh8 25. Rae1 $5 (25. Rfe1 $5 {/\ Qf2})
25... bxa4 26. bxa4 Bxa4 $1 27. Bxa6 Qd5 28. Bd3 $1 (28. Bxc8 $6 Bb5 $1 $15)
28... Rc5 $6 29. Qf2 $1 $16 Qd6 $8 30. Re4 Rd8 31. Rb1 {/\ Rd4} h5 32. Re2 Rdc8
33. h3 Qc6 34. Rb2 Qd6 35. Re4 (35. Rb4 $6 Bxc2 $1 36. Rxd4 Qb6 $1 $10) 35...
Rd5 36. Qd2 Kh7 37. Rb7 Rf8 (37... Rc7 $2 38. Rxc7 Qxc7 39. Qb4 {/\ Qf8+-}) 38.
Re1 Rc5 39. Ra1 Bc6 40. Re7 Bb5 41. Raa7 $2 (41. Be4 $1 e5 (41... Bc6 42. Ra6
$18) 42. Qb4 $1 exf4 43. Ra5 $18) 41... Bxd3 42. Rxf7+ Rxf7 43. Rxf7+ Kh6 $1
$10 44. f5+ g5 45. h4 Rxf5 46. hxg5+ Rxg5 47. cxd3 Qe5 48. Rf8 Kg6 49. Qb4 Qc5
50. Qb8 1/2-1/2

[Event "Capablanca Memorial Elite 36th"]
[Site "Havana"]
[Date "2001.05.16"]
[Round "10"]
[White "Luther, Thomas"]
[Black "Bruzon Batista, Lazaro"]
[Result "1-0"]
[WhiteElo "2568"]
[BlackElo "2584"]
[Annotator "Ribli,Z"]
[PlyCount "125"]
[EventDate "2001.05.05"]
[EventType "tourn"]
[EventRounds "12"]
[EventCountry "CUB"]
[EventCategory "13"]
[SourceTitle "CBM 084"]
[Source "ChessBase"]
[SourceDate "2001.09.13"]
[SourceVersion "1"]
[SourceVersionDate "2001.09.13"]
[SourceQuality "1"]

1. e4 c5 2. Nf3 e6 3. d4 cxd4 4. Nxd4 Nc6 5. Nc3 Qc7 6. Be2 Nf6 7. O-O a6 8.
Kh1 {Diese Zugfolge ist in letzter Zeit sehr beliebt. Nach 8.Be3 kann Schwarz
gut 8...Bb4 spielen, nach 8.Kh1 hingegen kann dieser Zug mit 9.Bg5 beantwortet
werden.} Nxd4 {Dieser Zug ist logisch und hat seine Berechtigung. Meiner
Meinung nach ist aber auch der Zug 8...d6 mit Übergang zur
Scheweninger-Variante eine gute Möglichkeit für Schwarz.} 9. Qxd4 Bc5 10. Qd3 (
10. Qd2) 10... b5 11. Bg5 {Dieser Läuferzug wird relativ selten gespielt.} (11.
f4 {Das wäre die Hauptvariante.}) 11... Bb7 12. f4 Rc8 (12... b4 13. e5 Nd5 14.
Nxd5 Bxd5 15. Bf3 Bxf3 16. Rxf3 (16. Qxf3 Qc6 17. Qg3 Qe4 18. Bh4 O-O {1/2-1/2
Shahade,G-Gross,D/New York 1999/EXT 2000 (25)}) 16... d6 17. Rd1 dxe5 18. fxe5
Be7 19. Qe4 Rc8 20. Bxe7 Qxe7 21. c4 bxc3 22. Qa4+ Kf8 23. bxc3 Rc7 24. Qf4 h5
25. Rd6 Kg8 26. Rxa6 Kh7 27. Qe4+ g6 {1/2-1/2 Kindermann,S-Gross,D/Austria
2000/EXT 2001 (39)}) 13. a4 $5 {[%mdl 4] Das ist die vorbereitete Verbesserung
von Weiß - in der 7.Runde des Turniers hatte Luther mit dem sofortigen 13.e5
keinen Vorteil erreicht. Es ist interessant, dass diese Fortsetzung - die für
diesen Stellungstyp keineswegs untypisch ist - in dieser konkreten Stellung
noch nie zuvor gespielt worden ist.} (13. e5 Nd5 14. Nxd5 Bxd5 15. Qg3 Be4 $1
16. Bd3 Qb7 (16... Qc6 17. Rad1 O-O 18. f5 exf5 19. Bf6 g6 20. Rf4 Rfe8 21.
Bxe4 fxe4 22. Qh4 Bf8 23. c3 {1-0 Reinaldo Castineira,R-Borges Mateos,J/Havana
CUB 2001/(34)}) 17. Rae1 Bg6 18. Rf3 Qd5 {1/2-1/2 Vallejo Pons,F-Andersson,U/
Havana CUB 2001/ (28)}) 13... b4 (13... bxa4 $6 14. Rxa4 $14) 14. e5 Nd5 (14...
bxc3 $5 15. exf6 cxb2 16. Rab1 gxf6 17. Bxf6 Rg8 18. Bf3 Rg6 (18... Bxf3 19.
Rxf3 Rg6 20. Bxb2 $13) 19. Bxb2 $13) 15. Nxd5 Bxd5 16. Qxa6 $14 {Das ist der
große Unterschied - dank der Zwischenzüge 13.a4 b4 kann Weiß den Pa6 schlagen.}
Bd4 {[%csl Gd4,Gd5] Der schwarze König steht zwar noch in der Mitte, aber das
schwarze Läuferpaar steht sehr aktiv. Zudem kann Weiß seinen Mehrbauern nicht
halten.} 17. c3 $5 (17. Rfd1 Bxb2 18. Rab1 Bc3 $13) 17... bxc3 18. bxc3 Qxc3 (
18... Bxc3 19. Rac1 $14 {[%cal Gc1c8]}) 19. Ra3 (19. Rfd1 $14) (19. Rad1 $14)
19... Qc5 $13 (19... Qxa3 $4 20. Qxc8#) 20. Rg3 $6 {Der Turm steht nur
scheinbar aktiv auf g3 - in Wirklichkeit aber hat Weiß keine echten Drohungen.}
Bc4 $6 (20... h6 $1 21. Bh4 (21. Rh3 O-O $15) 21... g5 (21... Ra8) 22. fxg5
hxg5 23. Rxg5 (23. Bxg5 Bxe5 $17 {[%csl Rh1][%cal Re5h2,Rh8h1]}) 23... Ra8 24.
Qd3 Rxa4 $13) 21. Bxc4 Qxc4 22. Qxc4 Rxc4 23. a5 $14 {[%csl Ga5] Die
Gretchenfrage in solchen Stellungen lautet immer: Ist der Freibauer stark oder
schwach?} h6 (23... f6 $5) 24. Bh4 Bf2 {Es scheint, als sollte Schwarz
aufgrund der schwachen weißen Grundlinie gewinnen.} (24... O-O 25. Bf6 g6 26.
Rh3 h5 27. g4 $16) {[#]} 25. Rb3 $1 {[%cal Rb3b8,Rb8h8] Eine große
Überraschung! Weiß opfert vorübergehend die Figur, dafür aber wird sein
a-Bauer sehr stark.} (25. Rxf2 $4 Rc1+ $19) (25. Rh3 Bxh4 26. Rxh4 Ra4 $17)
25... Bxh4 26. Rb8+ Bd8 27. Ra1 $44 {[%csl Ga5,Re8,Rh8][%cal Gb8h8] Das ist
interessant: Weiß hat eine ganze Figur weniger, aber die Fesslung auf der
Grundlinie ist so stark, dass Schwarz seine Figuren nicht mobilisieren kann.}
Rc7 28. Ra8 $5 {Weiß verhindert 28...Ra7.} (28. a6 Ra7 29. Rb7 Ra8 30. a7 O-O
31. Rd1 Bb6 32. Rdxd7 Rxa7 33. Rxa7 Bxa7 34. Rxa7 $11) 28... f6 (28... g5 29.
a6) 29. a6 fxe5 30. a7 {[%csl Ga7] Droht 31.Rxd8+.} Ke7 $6 (30... Rxa7 $5 31.
R1xa7 {Droht wieder 32.Rxd8+.} Rf8 $132) 31. Rb8 Rxa7 32. Rxa7 exf4 33. Rbb7 {
[%cal Ra7g7]} Kf6 34. Ra8 {Mit diesem Zug gewinnt Weiß Bedenkzeit - Schwarz
hat nichts anderes als Zugwiederholung.} Ke7 35. Raa7 Kf6 36. Ra8 Ke7 37. Raa7
Kf6 38. Rxd7 $14 {[%mdl 4096] 38.Ra8 hätte dreimalige Stellungswiederholung
bedeutet. Nun hat Weiß R vs. B+P+P, aber da die weißen Türme sehr aktiv stehen,
hat Weiß die besseren Chancen. Angesichts des reduzierten Materials hat
Schwarz jedoch ausgezeichnete Remischancen.} Bb6 39. Rf7+ Ke5 40. Ra6 Bd4 41.
g3 (41. Rxg7 Rc8 $132 {[%csl Rh1]}) 41... fxg3 42. hxg3 Rb8 $6 (42... h5 $1)
43. Rxg7 Rb6 44. Rxb6 Bxb6 45. Kg2 Be3 46. Kf3 Kf6 47. Rg8 Bc1 {Weiß hat jetzt
R vs. B+P. Bei guter Verteidigung von Schwarz sollte Weiß seinen
Materialvorteil nicht verwerten können.} 48. Kg4 Bd2 49. Kh5 Kf7 50. Rd8 Bg5 {
Weiß hat sein Maximum an Aktivität erreicht - doch das reicht nicht für den
Sieg.} 51. Rd1 Kf6 52. Rf1+ Kg7 53. Kg4 Kg6 54. Rb1 Bd2 55. Rb2 Bc1 56. Rc2 Be3
$4 {Ein unglaublicher Fehler - Schwarz verliert seinen e-Bauern.} (56... h5+
$14) 57. Re2 $18 {[%csl Re3,Re6][%cal Re2e6]} h5+ 58. Kf3 Bd4 59. Rxe6+ Kg5 (
59... Kf5 60. Rh6 Kg5 61. Ra6 $18) 60. Re8 Kf5 61. Ra8 Be5 (61... Kg6 62. Ke4
$18) 62. Ra5 Kf6 63. Kg2 {Schwarz ist hilflos - sein Be5 kann sich nicht
bewegen, weil der Ph5 sonst hängt. Ihm bleiben nur ein paar Königszüge. Nun
gewinnt Weiß leicht.} (63. Kg2 Ke6 64. Kh3 Kf6 65. Kh4 Ke6 66. Rxe5+ Kxe5 67.
Kxh5 $18) 1-0